| 000 | 00890nam a2200253Ia 4500 | ||
|---|---|---|---|
| 003 | OSt | ||
| 005 | 20220923222745.0 | ||
| 006 | a|||||r|||| 00| 0 | ||
| 007 | ta | ||
| 008 | 220922b |||||||| |||| 00| 0 hin d | ||
| 024 | _a207,447 | ||
| 037 | _cTextual | ||
| 040 |
_aARTS _cARTS _bhin |
||
| 041 |
_2hin _ahin |
||
| 082 | _aO152,3NKU,HH, M9;N8 | ||
| 100 |
_aकुमार, कुसुम; कुमार, कुसुम, अनु. _9167200 |
||
| 245 | 0 | _aहीराराम हाई स्कूल | |
| 246 | _aHīrārām hāī skūla | ||
| 260 |
_aदिल्ली _b सारांश प्रका0 _c1998 |
||
| 300 |
_a275पृ. _ccm. |
||
| 650 | _aहिन्दी कहानी | ||
| 942 |
_hO152,3NKU,HH, M9;N8 _cTEXL _2CC |
||
| 999 |
_c358064 _d358064 |
||